000
00416nam a2200145Ia 4500
008
100122s9999 xx 000 0 und d
082
_b
70600
_a
294.5
100
_a
वर्टीकर मनोहर
245
_a
अमृतवाणी
260
_b
चैतन्योपासना
_c
2006
300
_a
193
630
_a
अमृतवाणी
730
_a
अमृतवाणी
942
_c
BOOK
999
_c
441453
_d
441450